| 000 | 00763nam a2200241Ia 4500 | ||
|---|---|---|---|
| 003 | OSt | ||
| 005 | 20220925225247.0 | ||
| 006 | a|||||r|||| 00| 0 | ||
| 007 | ta | ||
| 008 | 220923b |||||||| |||| 00| 0 eng d | ||
| 020 |
_a9781783480838 _c2028.68 |
||
| 037 |
_b12992, 08/03/2017, Elite Publisher Distributors _cGeneral Book |
||
| 040 |
_aRTL _cRTL _beng |
||
| 041 |
_2eng _aeng |
||
| 082 | _aU47, Q6 | ||
| 100 |
_aCAMPBELL Neil _9292132 |
||
| 245 | 0 | _aAffective critical regionality | |
| 260 |
_aLondon _bRowman Littlefield International _c2016 |
||
| 300 |
_avii,227p. _ccm. |
||
| 500 | _aAppendix: p 411-414 | ||
| 942 |
_hU47, Q6 _cGB _2CC |
||
| 999 |
_c583150 _d583150 |
||